[Event "NatWest Young Masters 1st"]
[Site "London"]
[Date "1984.09.??"]
[Round "9"]
[White "Williams, A Howard"]
[Black "Kuijf, Marinus"]
[Result "1-0"]
[WhiteElo "2395"]
[BlackElo "2405"]
[PlyCount "67"]
[EventDate "1984.09.??"]
[EventType "tourn"]
[EventRounds "9"]
[EventCountry "ENG"]
[EventCategory "6"]
[SourceTitle "BritBase"]
[Source "John Saunders"]
[SourceDate "2020.09.07"]
[SourceVersion "1"]
[SourceVersionDate "2020.09.07"]
[SourceQuality "2"]

1. d4 d5 2. c4 c6 3. Nf3 Nf6 4. Nc3 e6 5. Bg5 dxc4 6. e4 b5 7. Qc2 h6 8. Bh4 g5
9. Bg3 g4 10. Ne5 Qxd4 11. Rd1 Qb6 12. Be2 h5 13. h3 h4 14. Bf4 Bc5 15. Bxg4
Nbd7 16. O-O Rg8 17. Qd2 Nxe5 18. Bxe5 Nxg4 19. hxg4 Rg6 20. g5 Be7 21. Bf6 e5
22. Kh2 Qc7 23. f4 exf4 24. e5 Bg4 25. Rde1 Bxf6 26. gxf6 h3 27. Ne4 hxg2 28.
Nd6+ Kf8 29. Rxf4 Qd7 30. e6 fxe6 31. Rxg4 Qh7+ 32. Kg3 Rxg4+ 33. Kxg4 Qg6+ 34.
Qg5 1-0